000 00520nam a22001817a 4500
005 20260415123037.0
008 260415b |||||||| |||| 00| 0 eng d
020 _a978-81-203-3339-0
050 _aQC 70 .N35 2008
100 _aNAIR,SAMANATHAN .B
245 _aAPPLIED ELECTROMAGNETIC THEORY
260 _aDELHIL
_bASOKE K. GHOSH
_c2008
300 _aXIV,370P ILL
500 _aINCLUDES BIBLOGRAPHIC DESCRIPTION INDEX
650 _aANALYSIS, PROBLEMS AND APPLICATIONS
700 _aS.R. DEEPA
942 _2lcc
_cBK
999 _c216975
_d216975